LEADER 00980nam a2200253 i 4500 001 000000253140 003 CaOOAMICUS 005 20170227000000.0 008 170227s1996 it u000 u ita u 013 $a232045 020 $a88-315-1246-3 040 $aSeMil$bita 100 1 $aMeney, Patrick.$0(OLS)http://semarc/name/94110 245 10$aAnche il papa ha avuto vent'anni /$cPatrick Meney. Le pape aussi a eu 20 ans. 260 $aMilano :$bPaoline,$c1996. 300 $a236 p. ;$c21 cm. 490 0 $aDonne e uomini nella storia ;$v4 830 0$aDonne e uomini nella storia ;$v4.$0(OLS)http://semarc/title/10334 850 $aSeMil 852 $aSeMil$W1$xVenegono$y1$m3A V 321$j203486$B203486$CSeMilBibl$Z2$F216654 $81 961 $aOmaggio: Altro 996 $6020$a88-315-1246-3$9(OLS)http://semarc/number/275731 996 $6245$aAnche il papa ha avuto vent'anni$9(OLS)http://semarc/title/410392 996 $6260$aMilano :$bPaoline$9(OLS)http://semarc/publisher/29684 LEADER 00868nam a2200193 i 4500 001 000000187429 003 CaOOAMICUS 005 20100316000000.0 008 100316s1963 gw u000 u ger u 013 $a165509 040 $aSeMil$bita 100 1 $aReitzenstein, Richard,$d<1861-1931>.$0(OLS)http://semarc/name/68737 245 10$aAntike und Christentum :$bvier religionsgeschichtliche Aufsätze /$cRichard Reitzenstein. 260 $aDarmstadt :$bWissenschaftliche Buchgesellschaft,$c1963. 300 $a96 p., [6] p. di tav. :$bill. ;$c23 cm. 850 $aSeMil 852 $aSeMil$W1$xVenegono$y1$m2T II 180$j138116$B138116$CSeMilBibl$Z2$F149578 $81 996 $6245$aAntike und Christentum :$bvier religionsgeschichtliche Aufsätze$9(OLS)http://semarc/title/269626 996 $6260$aDarmstadt :$bWissenschaftliche Buchgesellschaft$9(OLS)http://semarc/publisher/32002